000 00753pam a2200265 i 4500
001 4097115
003 OSt
005 20210929101038.0
008 750129s1976 inua b 001 0 eng
010 _a 74022833
020 _a0253359554 :
_c$15.00
040 _aDLC
_chu
_dDLC
050 0 0 _aP99
_b.E3
082 0 0 _a301.2/1
100 1 _aEco, Umberto.
_97893
245 1 2 _aA theory of semiotics /
_cUmberto Eco.
260 _aBloomington :
_bIndiana University Press,
_cc1976.
300 _aix, 354 p.
_bill. ;
_c24 cm.
440 0 _aAdvances in semiotics
_97894
500 _aIncludes indexes.
504 _aBibliography p. 319-346.
650 0 _aSemiotics.
_97895
906 _a7
_bcbc
_corignew
_d1
_eocip
_f19
_gy-gencatlg
942 _2ddc
_cBOOKS
_n0
999 _c7368
_d7368